[Event "Podzimni turnaj TJ Praga 2015 1A"]
[Site "Praha"]
[Date "2015.10.20"]
[Round "5.5"]
[White "Ptak, Pavel"]
[Black "Pokorny, Jan"]
[Result "1-0"]
[WhiteElo "2115"]
[BlackElo "1865"]
[Annotator ""]
[Source ""]
[Remark ""]

1.d4 Nf6 2.g3 e6 3.Nf3 b6 4.Bg2 Bb7 5.O-O Be7 6.c4 O-O 7.Nc3
d6 8.Qc2 Nbd7 9.e4 e5 10.Rd1 Qb8 11.b3 c5 12.dxe5 Nxe5 13.Nh4
Rd8 14.Nf5 Bf8 15.Bg5 Rd7 16.f4 Nc6 17.Bxf6 Nb4 18.Qb2 gxf6 19.a3
Na6 20.Nd5 Bxd5 21.Rxd5 Nc7 22.Rd3 Qd8 23.Rad1 Rb8 24.e5 fxe5
25.Bc6 Ne8 26.Bxd7 Qxd7 27.Qxe5 b5 28.g4 bxc4 29.bxc4 Qa4 30.Qc3
Qc6 31.Re1 Nc7 32.Kf2 Ne6 33.Kg3 Rd8 34.Qf6 Rb8 35.Rxe6 fxe6
36.Qxe6+ Kh8 37.Qf6+ Kg8 38.Qg7+ Bxg7 39.Ne7+ Kf8 40.Nxc6 Rb6 1-0

[Event "Podzimni turnaj TJ Praga 2015 1A"]
[Site "Praha"]
[Date "2015.10.21"]
[Round "5.7"]
[White "Radics, Robert"]
[Black "Machala, Vladislav"]
[Result "1-0"]
[WhiteElo "1752"]
[BlackElo "2054"]
[Annotator "Ryvova, Anna"]
[Source ""]
[Remark ""]

1.c4 c6 2.Nc3 d5 3.cxd5 cxd5 4.d4 e5 5.dxe5 d4 6.Ne4 Qa5+ 7.Nd2
Nc6 8.Ngf3 Be6 9.g3 O-O-O 10.Bg2 Be7 11.O-O h6 12.Nb3 Qb6 13.Bd2
g5 14.Rc1 Kb8 15.Rxc6 bxc6 16.Qc2 c5 17.Na5 Bd5 18.Nc4 Qe6 19.Qb3+
Kc8 20.Rc1 Bc6 21.Qa3 f5 22.Qa6+ Kd7 23.Nxd4 cxd4 24.Nd6
( 24.Bxc6+ Qxc6 25.e6+ Qxe6 26.Ne5+ $18 ) Bxd6 25.Bxc6+ Ke7 26.exd6+
Qxd6 27.Qb7+ Ke6 28.Bb4 Qb8 29.Ba5 Rc8 1-0

[Event "Podzimni turnaj TJ Praga 2015 1A"]
[Site "Praha"]
[Date "2015.10.20"]
[Round "5.8"]
[White "Stepanek, Svatopluk"]
[Black "Frouz, Petr"]
[Result "1/2-1/2"]
[WhiteElo "1869"]
[BlackElo "1845"]
[Annotator ""]
[Source ""]
[Remark ""]

1.Nf3 Nf6 2.g3 g6 3.Bg2 Bg7 4.d3 d5 5.c3 O-O 6.Bg5 Nbd7 7.Nbd2
Re8 8.O-O c6 9.Rc1 e5 10.Qc2 Qc7 11.c4 e4 12.dxe4 dxe4 13.Bf4
Qb6 14.c5 Nxc5 15.Ng5 Ne6 16.Be3 Qb5 17.Ngxe4 Nxe4 18.Nxe4 Qxb2
19.Nd6 Qxc2 20.Rxc2 Rd8 21.Nxc8 Rdxc8 22.Rb1 Rc7 23.a4 Bd4 24.Bxd4
Nxd4 25.Rd2 Rd8 26.Kf1 Ne6 27.Rdb2 Rd4 28.Ra2 Nc5 29.a5 Ne4 30.Rc1
Rcd7 31.Bxe4 Rxe4 32.a6 Re6 33.axb7 Rxb7 34.Ra6 Rc7 35.Rca1 Rce7
36.Rc1 c5 37.Ra5 c4 38.Ra4 Re4 39.f3 Rd4 40.e3 Rd2 41.Raxc4 Rb7
42.R4c2 Rb2 43.Rxb2 Rxb2 44.Ra1 Rxh2 1/2-1/2

[Event "Podzimni turnaj TJ Praga 2015 1A"]
[Site "Praha"]
[Date "2015.10.20"]
[Round "5.9"]
[White "Pribyl, Jaroslav"]
[Black "Ulicny, Daniel"]
[Result "0-1"]
[WhiteElo "1975"]
[BlackElo "1772"]
[Annotator ""]
[Source ""]
[Remark ""]

1.d4 f5 2.g3 Nf6 3.Bg2 g6 4.c4 c6 5.Nc3 Bg7 6.Nh3 d5 7.cxd5 cxd5
8.Nf4 e6 9.O-O O-O 10.e3 Re8 11.b3 Bd7 12.Bb2 Bc6 13.Qe2 Qb6
14.Rfc1 Nbd7 15.Ba3 Ne4 16.Nxe4 fxe4 17.Qg4 Nf6 18.Qd1 Bd7 19.Bh3
Bf8 20.Bc5 Qa6 21.a4 Bxc5 22.Rxc5 Rac8 23.Rac1 Qd6 24.R1c2 Rxc5
25.Rxc5 Bc6 26.Qc2 g5 27.Ne2 Nd7 28.Rc3 Rf8 29.Nc1 h5 30.b4 a6
31.Na2 e5 32.Bf1 Nf6 33.Bxa6 Ng4 34.Be2 Rxf2 35.h3 exd4 36.exd4
e3 37.Rxe3 Nxe3 0-1

[Event "Podzimni turnaj TJ Praga 2015 1A"]
[Site "Praha"]
[Date "2015.10.20"]
[Round "5.10"]
[White "Lavrincik, Pavel"]
[Black "Pavlicek, Petr"]
[Result "1/2-1/2"]
[WhiteElo "1827"]
[BlackElo "1929"]
[Annotator ""]
[Source ""]
[Remark ""]

1.c4 e6 2.Nc3 d5 3.cxd5 exd5 4.d4 Be7 5.Nf3 Nf6 6.Bg5 O-O 7.e3
c6 8.Be2 h6 9.Bh4 Bf5 10.O-O Nbd7 11.Bd3 Bxd3 12.Qxd3 Re8 13.Bxf6
Bxf6 14.Rfe1 Nb6 15.b3 Qd7 16.Rad1 Rad8 17.h3 1/2-1/2

[Event "Podzimni turnaj TJ Praga 2015 1A"]
[Site "Praha"]
[Date "2015.10.20"]
[Round "5.12"]
[White "Krumphanzl, Vlastimil"]
[Black "Davidek, Bohuslav"]
[Result "1/2-1/2"]
[WhiteElo "1797"]
[BlackElo "1771"]
[Annotator ""]
[Source ""]
[Remark ""]

1.e4 e5 2.Nc3 Bc5 3.f4 d6 4.Nf3 Nc6 5.Na4 Bb6 6.Nxb6 axb6 7.d4
exd4 8.Nxd4 Nf6 9.Nxc6 bxc6 10.Bd3 O-O 11.O-O Re8 12.Qf3 Ba6
13.Re1 Bxd3 14.cxd3 Nd7 15.Bd2 c5 16.Bc3 Re7 17.Qg4 Qf8 18.Re3
f5 19.Qh4 fxe4 20.dxe4 Qe8 21.Qg5 Rf7 22.e5 dxe5 23.fxe5 Qe6
24.Rd1 Rxa2 25.Qd8+ Nf8 26.Qh4 Ra8 27.Rh3 b5 28.b4 cxb4 29.Qxb4
Qa2 30.Qxb5 Rd8 31.Rf1 Qa7+ 32.Kh1 Rxf1+ 33.Qxf1 Qc5 34.Rf3 Ne6
35.h3 Rf8 36.Rxf8+ Qxf8 37.Qc4 Qf7 38.Kg1 Nf4 39.Qe4 Ne6 40.Qa8+
Qf8 41.Qc6 Qc5+ 42.Qxc5 Nxc5 43.Bd4 Ne6 44.Bc3 1/2-1/2

[Event "Podzimni turnaj TJ Praga 2015 1A"]
[Site "Praha"]
[Date "2015.10.20"]
[Round "5.13"]
[White "Toupal, Josef"]
[Black "Sramek, Jiri"]
[Result "1/2-1/2"]
[WhiteElo "1817"]
[BlackElo "1980"]
[Annotator ""]
[Source ""]
[Remark ""]

1.e4 c6 2.d4 d5 3.e5 Bf5 4.Nf3 e6 5.Be2 c5 6.Nc3 Nc6 7.O-O Nge7
8.Be3 cxd4 9.Bxd4 Bg4 10.Nh4 Bxe2 11.Nxe2 Nxd4 12.Nxd4 Nc6 13.Nhf3
Be7 14.Rc1 O-O 15.c4 Nxd4 16.Qxd4 dxc4 17.Qxd8 Rfxd8 18.Rxc4
Rac8 19.Rcc1 g6 20.Rfe1 h5 21.h3 Kf8 22.g3 Bb4 23.Rxc8 Rxc8 24.Re2
Rc1+ 25.Kg2 a6 26.Ng5 Re1 27.Kf3 Rxe2 28.Kxe2 Bc5 29.f4 Ke7 30.b3 1/2-1/2

[Event "Podzimni turnaj TJ Praga 2015 1A"]
[Site "Praha"]
[Date "2015.11.13"]
[Round "6.1"]
[White "Ptak, Pavel"]
[Black "Pesr, Jaromir"]
[Result "1/2-1/2"]
[WhiteElo "2115"]
[BlackElo "2004"]
[Annotator ""]
[Source ""]
[Remark ""]

1.d4 f5 2.g3 Nf6 3.Bg2 d5 4.Nf3 e6 5.O-O Bd6 6.c4 c6 7.Ne5 O-O
8.Bf4 Qe7 9.Nd2 Nh5 10.e3 Nxf4 11.exf4 Bxe5 12.dxe5 b6 13.Re1
Bb7 14.a3 a5 15.Qb3 Nd7 16.cxd5 exd5 17.Qc2 Nc5 18.b4 Ne6 19.Qc3
axb4 20.axb4 Rxa1 21.Rxa1 Ra8 22.Rxa8+ Bxa8 23.b5 Nc5 24.bxc6
Bxc6 25.Nf3 g6 26.Nd4 Bb7 27.Qb4 Qd8 28.Bf1 Kf7 29.Nb5 Bc6 30.Nd6+
Ke6 31.h4 h5 32.Kh2 Qc7 33.Bb5 Bxb5 34.Nxb5 Qd8 35.Nd4+ Kf7 36.Qa3
Qd7 37.Qb4 Qa4 38.Qb2 1/2-1/2

[Event "Podzimni turnaj TJ Praga 2015 1A"]
[Site "Praha"]
[Date "2015.10.30"]
[Round "6.2"]
[White "Brcak, Marek"]
[Black "Horak, Karel"]
[Result "0-1"]
[WhiteElo "1879"]
[BlackElo "1844"]
[Annotator ""]
[Source ""]
[Remark ""]

1.e4 c5 2.Nf3 d6 3.d4 cxd4 4.Nxd4 Nf6 5.Nc3 a6 6.Bg5 e6 7.f4
Be7 8.Qf3 h6 9.Bh4 Qc7 10.Bg3 Nbd7 11.O-O-O O-O 12.Bd3 b5 13.Qe2
Bb7 14.e5 Nd5 15.Nxd5 Bxd5 16.Rhe1 dxe5 17.fxe5 Nc5 18.b3 Nxb3+
19.Nxb3 Qc3 20.Bh7+ Kxh7 21.Qd3+ Qxd3 22.Rxd3 Bxg2 23.Rd7 Ba3+
24.Kb1 Kg8 25.Bh4 g5 26.Bf2 Rfd8 27.Red1 Bd5 28.Rc7 Bxb3 29.Rxd8+
Rxd8 30.axb3 Rd5 31.Bg3 h5 32.Rc6 Bb4 33.c3 Rc5 34.Rxa6 Bxc3
35.Ra8+ Kg7 36.Rd8 Bxe5 37.b4 Bf6 38.bxc5 Bxd8 39.c6 Kf6 40.c7
Bxc7 41.Bxc7 Kf5 42.Kc2 Ke4 43.Bd8 g4 44.Kb3 f5 45.Kb4 f4 46.Kxb5
f3 47.Bb6 Kd3 0-1

[Event "Podzimni turnaj TJ Praga 2015 1A"]
[Site "Praha"]
[Date "2015.11.06"]
[Round "6.3"]
[White "Adamek, Milan"]
[Black "Ryvova, Anna"]
[Result "0-1"]
[WhiteElo "1874"]
[BlackElo "1922"]
[Annotator "Ryvova, Anna"]
[Source ""]
[Remark ""]

1.e4 e5 2.Nf3 Nc6 3.d4 exd4 4.Bc4 Nf6 5.e5 d5 6.Bb5 Ne4 7.Nxd4
Bd7 8.Bxc6 bxc6 9.O-O Bc5 10.Be3 Bb6 11.Nc3 Nxc3 12.bxc3 O-O
13.f4 c5 ( 13...f6 $15 ) 14.Nb3 c4 15.Nd4 c5 16.Ne2 Bg4
( 16...Bc6 17.a4 a5 18.Qe1 Qe7 19.Qf2 Rfd8 $15 ) 17.h3 Bxe2 18.Qxe2
d4 19.Rad1 Qd5 20.Bf2 Rad8 21.Bh4 Rde8 22.Bf2 f6 23.Rfe1 fxe5
24.fxe5 Re6 ( 24...Rf5 25.Qg4 Rexe5 26.Bg3 Re6 27.Rxe6 Qxe6 28.Re1
Qf7 $15 ) 25.Qe4 Rd8 26.Kf1 {?} ( 26.cxd4 cxd4 27.Kf1 {=} ) Ba5
$19 27.Qxd5 Rxd5 28.Bg3 Bxc3 29.Re4 d3 30.Bf4 Bxe5 31.cxd3 Rf6 0-1

[Event "Podzimni turnaj TJ Praga 2015 1A"]
[Site "Praha"]
[Date "2015.10.27"]
[Round "6.4"]
[White "Stepanek, Svatopluk"]
[Black "Paulovic, Milan"]
[Result "1-0"]
[WhiteElo "1869"]
[BlackElo "1855"]
[Annotator "Ryvova, Anna"]
[Source ""]
[Remark ""]

1.d4 d5 2.c4 Nc6 3.e3 e5 4.dxe5 d4 5.Nf3 Bg4 6.e6 Bb4+
( 6...fxe6 7.Be2 Bb4+ 8.Kf1 ( 8.Bd2 dxe3 9.fxe3 Bxf3 10.Bxf3
Qh4+ 11.g3 Qxc4 $15 ) dxe3 9.Bxe3 Qxd1+ 10.Bxd1 Nf6 {-0.27} )
7.Bd2 Bxd2+ 8.Qxd2 Bxf3 9.exf7+ Kxf7 10.gxf3 Qf6 11.Bg2 Rd8 12.f4
dxe3 ( 12...Nge7 13.O-O dxe3 14.Qxe3 Nd4 $15 ) 13.Bd5+ Kf8 14.fxe3
Qh4+ 15.Qf2 Qxf2+ 16.Kxf2 Nb4 17.Nc3 c6 18.Bxg8 Rxg8 19.Rhd1
Kf7 20.Ke2 Rge8 21.Rxd8 Rxd8 22.a3 Na6 23.b4 Nc7 24.Ne4 Ne6 25.c5
Ke7 26.h4 b6 27.Rc1 bxc5 28.Nxc5 Nxc5 29.Rxc5 Kd6 30.h5 Kc7 31.Ra5
Kb6 32.Rg5 Rd7 33.e4 Rf7 34.Ke3 Rd7 35.e5 h6 36.Rg6 a6 37.Ke4
Kb5 38.Rd6 Re7 39.f5 a5 40.bxa5 Kc5 41.Rd8 Ra7 42.e6 Rxa5 43.e7
Ra4+ 44.Ke5 Rxa3 45.Ke6 1-0

[Event "Podzimni turnaj TJ Praga 2015 1A"]
[Site "Praha"]
[Date "2015.10.29"]
[Round "6.5"]
[White "Holub, Jan"]
[Black "Machala, Vladislav"]
[Result "0-1"]
[WhiteElo "2124"]
[BlackElo "2054"]
[Annotator "Ryvova, Anna"]
[Source ""]
[Remark ""]

1.e4 e5 2.Nf3 d6 3.d4 Nd7 4.dxe5 dxe5 5.Bc4 c6 6.O-O Be7 7.Nc3
Ngf6 8.Qe2 O-O 9.Bg5 Qc7 10.Nh4 Nc5 11.Nf5 Bxf5 12.exf5 b5 13.Bd3
e4 14.Nxe4 {?} ( 14.Bxf6 Bxf6 15.Nxe4 {=} ) Ncxe4 15.Bxe4 Nxe4
16.Bxe7 Qxe7 17.Rfe1 Rae8 18.Qd3 Qb4 19.a3 Qc4 20.Qf1 Nf6 21.b3
Qc5 22.g4 Nd5 23.Rec1 Qd6 24.c4 Qf4 25.Qg2 Nf6 26.h3 Re2 27.Rd1
Ne4 28.Rd3 h6 29.cxb5 cxb5 30.a4 bxa4 31.bxa4 Nd2 0-1

[Event "Podzimni turnaj TJ Praga 2015 1A"]
[Site "Praha"]
[Date "2015.10.27"]
[Round "6.6"]
[White "Ulicny, Daniel"]
[Black "Kolar, Dan"]
[Result "0-1"]
[WhiteElo "1772"]
[BlackElo "1866"]
[Annotator ""]
[Source ""]
[Remark ""]

1.d4 Nf6 2.c4 g6 3.Nc3 Bg7 4.g3 O-O 5.Bg2 d6 6.Nf3 c5 7.d5 a6
8.O-O b5 9.cxb5 axb5 10.Nxb5 Ba6 11.Nc3 Qb6 12.Re1 Bc4 13.e4
Nfd7 14.Bf1 Bxf1 15.Kxf1 Re8 16.Qe2 Na6 17.Be3 Reb8 18.Rab1 Nb4
19.a3 Na6 20.Qd2 Qb3 21.Bg5 Kf8 22.Bh6 Nc7 23.Bxg7+ Kxg7 24.Qf4
f6 25.g4 h6 26.h4 Ne5 27.Nxe5 fxe5 28.Qe3 Rf8 29.g5 h5 30.Qh3
Rf7 31.Re3 Raf8 32.f3 Nb5 33.Nxb5 Qxe3 0-1

[Event "Podzimni turnaj TJ Praga 2015 1A"]
[Site "Praha"]
[Date "2015.10.27"]
[Round "6.7"]
[White "Radics, Robert"]
[Black "Hajek, Jiri"]
[Result "1-0"]
[WhiteElo "1752"]
[BlackElo "1853"]
[Annotator ""]
[Source ""]
[Remark ""]

1.c4 e6 2.Nc3 d5 3.cxd5 exd5 4.d4 Nf6 5.Bg5 Be7 6.Nf3 c6 7.e3
h6 8.Bh4 Ne4 9.Bxe7 Qxe7 10.Bd3 Nd7 11.Qc2 Ndf6 12.Ne5 Nxc3 13.bxc3
O-O 14.c4 c5 15.O-O cxd4 16.exd4 dxc4 17.Bxc4 Be6 18.Rfe1 Qc7
19.Qb3 Bxc4 20.Nxc4 Rfd8 21.Rad1 Rac8 22.Ne5 Nd5 23.Rd3 Qa5 24.Rb1
Rc7 25.g3 b6 26.Nc4 Qa6 27.Ne5 Qc8 28.Qa3 f6 29.Nf3 Qf5 30.Re1
Rdc8 31.Nh4 Qd7 32.Qb3 Kh7 33.Qb1 Rc2 34.Rd2 Qa4 35.Rc1 Nb4 36.a3
Kg8 37.Rdxc2 Nxc2 38.Nf5 Rc4 39.Ne3 Nxa3 40.Qa2 b5 41.Nxc4 bxc4
42.Kg2 Kh8 43.Rc3 Qc6+ 44.f3 Nb5 45.Qxc4 1-0

[Event "Podzimni turnaj TJ Praga 2015 1A"]
[Site "Praha"]
[Date "2015.10.27"]
[Round "6.8"]
[White "Frouz, Petr"]
[Black "Zimak, Karel"]
[Result "1-0"]
[WhiteElo "1845"]
[BlackElo "1831"]
[Annotator ""]
[Source ""]
[Remark ""]

1.d4 d5 2.c4 e6 3.Nc3 Nf6 4.Nf3 Nbd7 5.Bg5 h6 6.Bf4 a6 7.e3 Nh5
8.cxd5 Nxf4 9.exf4 exd5 10.Nxd5 Bd6 11.Qe2+ Kf8 12.Ne5 Nf6 13.Nc3
Bb4 14.Qc4 Qe7 15.a3 Bxc3+ 16.bxc3 Be6 17.Qb4 Nd5 18.Qxb7 Re8
19.Bxa6 Nxf4 20.c4 Bc8 21.Qf3 Bxa6 22.O-O Qg5 23.g3 f6 24.Qxf4
Kg8 25.Qxg5 hxg5 26.Ng4 Re4 27.Ne3 g6 28.Rfd1 Re7 29.Nd5 Rf7
30.c5 Bb7 31.Ne3 Bf3 32.Rdb1 Kg7 33.a4 f5 34.Rb3 g4 35.a5 g5
36.a6 Kg6 37.a7 Rfh7 38.Nf1 Ra8 39.Rb8 Rd7 40.Ra6+ Kf7 41.c6
Bxc6 42.Rxc6 Rxa7 1-0

[Event "Podzimni turnaj TJ Praga 2015 1A"]
[Site "Praha"]
[Date "2015.10.27"]
[Round "6.9"]
[White "Pokorny, Jan"]
[Black "Lavrincik, Pavel"]
[Result "0-1"]
[WhiteElo "1865"]
[BlackElo "1827"]
[Annotator ""]
[Source ""]
[Remark ""]

1.d4 d6 2.Nf3 Nf6 3.g3 g6 4.Bg2 Bg7 5.O-O O-O 6.c4 Nbd7 7.Nc3
e5 8.Bg5 h6 9.Bc1 exd4 10.Nxd4 a5 11.Ndb5 Nc5 12.Be3 Ne6 13.h3
Rb8 14.Qd2 Kh7 15.Rac1 Bd7 16.Ba7 Ra8 17.Bxb7 Rxa7 18.Nxa7 Qb8
19.Bg2 Qxa7 20.Nd5 Nxd5 21.cxd5 Nc5 22.Kh2 a4 23.Rc4 Rb8 24.Rb1
Bf5 25.e4 Bd7 26.b3 axb3 27.axb3 Rxb3 28.Rxb3 Nxb3 29.Qf4 Be8
30.Rb4 Nc5 31.Bf1 Be5 32.Qf3 Kg7 33.Bb5 Bxb5 34.Rxb5 Qa4 35.Rb8
Qxe4 36.Qxe4 Nxe4 37.f4 Bc3 38.Rb3 Ba5 39.Kg2 Bb6 40.Rd3 Kf6
41.Kf3 Nf2 42.Rd2 Nxh3 43.g4 g5 44.Rh2 Nxf4 45.Rxh6+ Kg7 46.Rh1
Nxd5 47.Ke4 Nf4 48.Kf5 f6 49.Re1 Ng6 50.Re8 Kf7 51.Rd8 d5 52.Rf8+ 0-1

[Event "Podzimni turnaj TJ Praga 2015 1A"]
[Site "Praha"]
[Date "2015.10.27"]
[Round "6.10"]
[White "Davidek, Bohuslav"]
[Black "Vitek, Jan"]
[Result "1/2-1/2"]
[WhiteElo "1771"]
[BlackElo "1761"]
[Annotator ""]
[Source ""]
[Remark ""]

1.e4 e5 2.Nf3 Nc6 3.Bb5 a6 4.Bxc6 dxc6 5.O-O Bg4 6.h3 h5 7.d3
Qf6 8.Nbd2 Ne7 9.Re1 Ng6 10.Nf1 Bxf3 11.Qxf3 Qxf3 12.gxf3 O-O-O 1/2-1/2

[Event "Podzimni turnaj TJ Praga 2015 1A"]
[Site "Praha"]
[Date "2015.10.27"]
[Round "6.11"]
[White "Hala, Martin"]
[Black "Pribyl, Jaroslav"]
[Result "0-1"]
[WhiteElo "1918"]
[BlackElo "1975"]
[Annotator "Ryvova, Anna"]
[Source ""]
[Remark ""]

1.e4 c6 2.Nf3 d5 3.exd5 cxd5 4.d4 Nc6 5.c3 Bg4 6.Be2 Nf6 7.h3
Bh5 8.Bf4 e6 9.Qb3 Qc8 10.Nbd2 Be7 11.O-O O-O 12.Rfe1 a6 13.a4
Na5 14.Qc2 Bg6 15.Bd3 b5 16.Bxg6 hxg6 17.Ne5 b4 18.Ndf3 bxc3
19.bxc3 Nc4 20.Nxf7 Rxf7 ( 20...Kxf7 21.Ng5+ Kg8 22.Nxe6 {=}
( 22.Qxg6 Qe8 {=} ) ) 21.Ng5 Ne4 {-0.27} ( 21...Nh5 22.Nxe6
( 22.Qxg6 Bxg5 23.Bxg5 Nf6 $17 ) Nxf4 23.Nxf4 Rxf4 24.Rxe7 Rf7 {-0.83}
) 22.Nxf7 Kxf7 23.f3 Nf6 24.Re2 a5 25.Rae1 Ra6 26.g4 Rb6 27.Bc1
Ba3 28.h4 Bxc1 29.Qxc1 Qb8 30.Kg2 Rb2 31.h5 gxh5 32.g5 Nh7 33.f4
Nf8 34.Kf3 Rxe2 35.Rxe2 g6 36.Qc2 Qb6 37.Re1 Nd7 38.Rb1 {??}
Qxb1 {!} 0-1

[Event "Podzimni turnaj TJ Praga 2015 1A"]
[Site "Praha"]
[Date "2015.10.27"]
[Round "6.12"]
[White "Toupal, Josef"]
[Black "Krumphanzl, Vlastimil"]
[Result "1-0"]
[WhiteElo "1817"]
[BlackElo "1797"]
[Annotator ""]
[Source ""]
[Remark ""]

1.e4 c5 2.Nf3 Nc6 3.d4 cxd4 4.Nxd4 e5 5.Nb5 a6 6.Nd6+ Bxd6 7.Qxd6
Qf6 8.Qd2 Nge7 9.Nc3 O-O 10.b3 b5 11.Bb2 Rd8 12.O-O-O d5 13.Nxd5
Nxd5 14.exd5 Bf5 15.f4 Rac8 16.c4 bxc4 17.Bxc4 a5 18.fxe5 Nxe5
19.Qf4 Nxc4 20.Bxf6 Nd6+ 21.Kb2 Rc2+ 22.Ka1 gxf6 23.g4 Be4 24.Qxf6
Rd7 25.Rc1 Bxh1 26.Rxc2 Bxd5 27.Qg5+ 1-0

[Event "Podzimni turnaj TJ Praga 2015 1A"]
[Site "Praha"]
[Date "2015.10.27"]
[Round "6.13"]
[White "Pavlicek, Petr"]
[Black "Sramek, Jiri"]
[Result "1/2-1/2"]
[WhiteElo "1929"]
[BlackElo "1980"]
[Annotator ""]
[Source ""]
[Remark ""]

1.d4 d5 2.c4 e6 3.Nf3 Nf6 4.g3 Bb4+ 5.Bd2 Qe7 6.Bg2 O-O 7.O-O
Nbd7 8.Qc2 c6 9.a3 Bd6 10.cxd5 exd5 11.Nc3 Re8 12.Bg5 h6 13.Bf4
Bxf4 14.gxf4 Nf8 15.e3 g6 16.Kh1 Bf5 17.Qd2 Ne4 18.Nxe4 Bxe4
19.Rg1 Nd7 20.Ne5 Nxe5 1/2-1/2

[Event "Podzimni turnaj TJ Praga 2015 1A"]
[Site "Praha"]
[Date "2015.11.03"]
[Round "7.1"]
[White "Horak, Karel"]
[Black "Ptak, Pavel"]
[Result "0-1"]
[WhiteElo "1844"]
[BlackElo "2115"]
[Annotator ""]
[Source ""]
[Remark ""]

1.e4 g6 2.d4 Bg7 3.Nc3 c6 4.Nf3 d5 5.h3 dxe4 6.Nxe4 Nf6 7.Nxf6+
exf6 8.Bc4 O-O 9.O-O Nd7 10.Bb3 Re8 11.c3 Nb6 12.Bd2 a5 13.a4
Bf5 14.Re1 Be4 15.Bf4 Nd5 16.Bxd5 Qxd5 17.Re3 Qf5 18.Bh2 Bh6
19.Re1 Bc2 20.Nh4 {??} Bxd1 0-1

[Event "Podzimni turnaj TJ Praga 2015 1A"]
[Site "Praha"]
[Date "2015.11.03"]
[Round "7.2"]
[White "Pesr, Jaromir"]
[Black "Ryvova, Anna"]
[Result "1-0"]
[WhiteElo "2004"]
[BlackElo "1922"]
[Annotator "Ryvova, Anna"]
[Source ""]
[Remark ""]

1.d4 d5 2.Nf3 c6 3.h3 Nf6 4.Bf4 e6 5.e3 Nbd7 6.Bd3 c5 7.c3 Be7
8.Nbd2 cxd4 9.cxd4 Nb6 10.O-O O-O 11.Rc1 Bd6 12.Bg5 h6 13.Bh4
Be7 14.Ne5 Bd7 15.f4 Rc8 16.Rb1 Ne8 17.Bxe7 Qxe7 18.Qe2 Nd6 19.Kh2
Rfd8 20.g4 f5 21.Rg1 Be8 22.g5 hxg5 23.Rxg5 Ne4 24.Rg2 Nd7 25.Ndf3
Bh5 26.Qe1 Nxe5 27.Nxe5 Kh7 28.Bxe4 dxe4 29.Rg5 Rc2+ 30.Kg1 g6
{?} ( 30...Be8 {=} 31.Qh4+ Kg8 32.Kh1 Rdc8 33.Rbg1 Rc1 34.Qg3
Rxg1+ 35.Qxg1 Rc2 ) 31.Qh4 Rg8 32.Kh1 Qc7 33.Rbg1 Rxb2 34.Rxh5+ 1-0

[Event "Podzimni turnaj TJ Praga 2015 1A"]
[Site "Praha"]
[Date "2015.11.03"]
[Round "7.3"]
[White "Holub, Jan"]
[Black "Stepanek, Svatopluk"]
[Result "1-0"]
[WhiteElo "2124"]
[BlackElo "1869"]
[Annotator ""]
[Source ""]
[Remark ""]

1.e4 e5 2.Nf3 Nc6 3.Bb5 a6 4.Ba4 b5 5.Bb3 Nf6 6.Ng5 d5 7.exd5
Nxd5 8.Qf3 Be6 9.Nxe6 fxe6 10.Nc3 Nce7 11.Ne4 Ng6 12.c4 Nb4 13.cxb5
Nd3+ 14.Kf1 Be7 15.Bxe6 Rf8 16.Qe3 axb5 17.a3 Ra6 18.Bb3 Nxf2
19.Nxf2 Raf6 20.g3 Rxf2+ 21.Ke1 Qa8 22.Rg1 R8f3 23.Qxf2 Rxf2
24.Kxf2 Bc5+ 25.d4 Bxd4+ 26.Be3 Bxb2 27.Ra2 Bxa3 28.Rga1 b4 29.Bc5
Qe4 30.Re1 Qd3 31.Ba4+ Kf7 32.Rd1 Qe4 33.Re2 Qc4 34.Rc2 Qe6 35.Kg1
h5 36.Rf2+ Kg8 37.Rd8+ Kh7 38.Bc2 Qc4 39.Be3 b3 40.Bd3 Qe6 1-0

[Event "Podzimni turnaj TJ Praga 2015 1A"]
[Site "Praha"]
[Date "2015.11.03"]
[Round "7.4"]
[White "Frouz, Petr"]
[Black "Brcak, Marek"]
[Result "1-0"]
[WhiteElo "1845"]
[BlackElo "1879"]
[Annotator ""]
[Source ""]
[Remark ""]

1.d4 d5 2.c4 e6 3.Nf3 Nf6 4.Nc3 Be7 5.Bg5 O-O 6.e3 Nbd7 7.Bd3
dxc4 8.Bxc4 c6 9.O-O Nd5 10.Bxe7 Qxe7 11.Rc1 Nxc3 12.Rxc3 e5
13.d5 cxd5 14.Bxd5 Nb6 15.Bb3 Bg4 16.e4 Rfd8 17.Qe2 Rac8 18.Rfc1
Rxc3 19.Rxc3 Qd6 20.h3 Bh5 21.Qb5 Bxf3 22.Rxf3 Rd7 23.Rxf7 Rxf7
24.Qe8+ Qf8 1-0

[Event "Podzimni turnaj TJ Praga 2015 1A"]
[Site "Praha"]
[Date "2015.11.03"]
[Round "7.5"]
[White "Kolar, Dan"]
[Black "Adamek, Milan"]
[Result "0-1"]
[WhiteElo "1866"]
[BlackElo "1874"]
[Annotator ""]
[Source ""]
[Remark ""]

1.e4 c5 2.Nf3 g6 3.d3 Bg7 4.g3 Nc6 5.Bg2 d6 6.O-O Nf6 7.Re1 O-O
8.c3 Rb8 9.Kh1 Bd7 10.Ng1 e5 11.f4 Qc8 12.Nd2 b5 13.Nf1 a6 14.Ne3
Ng4 15.Nxg4 Bxg4 16.Bf3 h5 17.Kg2 b4 18.Bxg4 hxg4 19.Bd2 a5 20.Rb1
Qe6 21.c4 f5 22.b3 Rb7 23.Be3 Bh6 24.Qd2 Rbf7 25.Rf1 fxe4 26.dxe4
exf4 27.Qd5 Qxd5 28.exd5 f3+ 29.Kh1 Bxe3 30.dxc6 Re8 31.Rb2 Bd4
32.Rc2 Rc7 33.h3 g5 34.Kh2 Rxc6 35.hxg4 Bxg1+ 36.Kxg1 Re2 37.Rxe2
fxe2 38.Re1 d5 39.cxd5 Rd6 40.Rxe2 Rxd5 41.Rc2 Kf7 42.Kf2 Ke6
43.Ke3 Re5+ 44.Kf3 Kd5 45.Rd2+ Kc6 46.Rd8 a4 47.bxa4 c4 48.Rc8+
Kd5 49.Rd8+ Kc5 50.Rd1 b3 51.axb3 cxb3 52.a5 Kb4 53.a6 Ra5 54.Rd6
b2 55.Rb6+ Rb5 56.a7 b1Q 57.a8Q Qh1+ 0-1

[Event "Podzimni turnaj TJ Praga 2015 1A"]
[Site "Praha"]
[Date "2015.11.03"]
[Round "7.6"]
[White "Lavrincik, Pavel"]
[Black "Hajek, Jiri"]
[Result "1-0"]
[WhiteElo "1827"]
[BlackElo "1853"]
[Annotator "Ryvova, Anna"]
[Source ""]
[Remark ""]

1.c4 e6 2.Nc3 d5 3.cxd5 exd5 4.d4 Nf6 5.Nf3 Nbd7 6.Bg5 h6 7.Bh4
Be7 8.e3 c6 9.Bd3 Ne4 10.Nxe4 {?} ( 10.Bxe7 Qxe7 11.Qc2 Nxc3
12.Qxc3 $14 ) dxe4 11.Bxe4 Bxh4 $19 12.O-O Be7 13.Rc1 Nf6 14.Bb1
Bg4 15.h3 Bxf3 16.Qxf3 O-O 17.Rfe1 Bb4 18.Re2 Re8 19.a3 Ba5 20.Ba2
Bc7 21.Rd1 Qd6 22.g3 Re7 23.e4 Qd7 24.Kh2 Rae8 25.Bb1 Nh7 26.h4
Nf6 27.e5 Ng4+ 28.Kg1 Nxe5 29.Rxe5 Bxe5 30.dxe5 Qh3 {??} 31.Bf5 1-0

[Event "Podzimni turnaj TJ Praga 2015 1A"]
[Site "Praha"]
[Date "2015.11.05"]
[Round "7.7"]
[White "Paulovic, Milan"]
[Black "Davidek, Bohuslav"]
[Result "1/2-1/2"]
[WhiteElo "1855"]
[BlackElo "1771"]
[Annotator ""]
[Source ""]
[Remark ""]

1.d4 Nf6 2.Nc3 d5 3.Bg5 Nc6 4.Nf3 Ne4 5.e3 Nxg5 6.Nxg5 e5 7.Nf3
e4 8.Nd2 Bb4 9.a3 Bxc3 10.bxc3 O-O 11.c4 Bf5 12.Rb1 Rb8 13.cxd5
Qxd5 14.Bc4 Qd6 15.Qc1 Qg6 16.Bf1 Ne7 17.c4 Kh8 18.h4 Ng8 19.g3
Nf6 20.Bg2 Rfe8 21.Qc3 b6 22.Bh3 Bxh3 23.Rxh3 Qf5 24.Rh1 Ng4
25.Rf1 Nh2 1/2-1/2

[Event "Podzimni turnaj TJ Praga 2015 1A"]
[Site "Praha"]
[Date "2015.11.20"]
[Round "7.8"]
[White "Zimak, Karel"]
[Black "Radics, Robert"]
[Result "0-1"]
[WhiteElo "1831"]
[BlackElo "1752"]
[Annotator ""]
[Source ""]
[Remark ""]

1.d4 Nf6 2.c4 e6 3.Nc3 Bb4 4.Qc2 O-O 5.Bg5 d5 6.e3 Nbd7 7.Nf3
c6 8.Be2 dxc4 9.Bxc4 Nb6 10.Bd3 h6 11.Bh4 Be7 12.O-O Nbd5 13.a3
Nxc3 14.bxc3 c5 15.Ne5 Qc7 16.Qe2 Nd5 17.Bg3 Bd6 18.Bc2 Nf6 19.Qd3
Rd8 20.f4 b6 21.Bh4 Be7 22.g4 Bb7 23.g5 Ne4 24.Be1 hxg5 25.fxg5
f6 26.gxf6 Bxf6 27.Ng4 Rf8 28.Rf4 Ng5 29.Bg3 Qc6 30.e4 Nh3+ 31.Kg2
Nxf4+ 32.Bxf4 Qe8 33.Bb3 Qg6 34.Bxe6+ Rf7 0-1

[Event "Podzimni turnaj TJ Praga 2015 1A"]
[Site "Praha"]
[Date "2015.11.06"]
[Round "7.9"]
[White "Machala, Vladislav"]
[Black "Ulicny, Daniel"]
[Result "1-0"]
[WhiteElo "2054"]
[BlackElo "1772"]
[Annotator "Ryvova, Anna"]
[Source ""]
[Remark ""]

1.e4 e5 2.Nf3 Nf6 3.Nc3 Nc6 4.d4 exd4 5.Nxd4 d6 6.Be2 Be7 7.O-O
O-O 8.Be3 Bd7 9.a3 Nxd4 10.Bxd4 Bc6 11.Bd3 Nd7 12.f4 Bf6 13.Bc4
Bxd4+ 14.Qxd4 Qf6 15.Qd2 Rfe8 16.Rae1 Qg6 17.Bd5 Re7 18.Rf3 Rae8
19.Rg3 Qh6 20.Qd4 Qf6 21.Qf2 Nc5 22.e5 Qf5 23.Rg5 Qd7 24.b4 Ne6
25.Rg4 Nd4 26.Qg3 Nf5 27.Qd3 Ne3 28.Rh4 Nf5 29.Rh5 Nh6 30.Ne4
Bxd5 31.Qxd5 dxe5 32.Qxd7 Rxd7 33.Rxh6 exf4 {?} ( 33...Rde7 {=} )
34.Nf6+ {!$18} gxf6 35.Rxe8+ Kg7 36.Rh4 Rd1+ 37.Kf2 Rd2+ 38.Kf3
Rxc2 39.Rg4+ Kh6 40.Reg8 1-0

[Event "Podzimni turnaj TJ Praga 2015 1A"]
[Site "Praha"]
[Date "2015.11.03"]
[Round "7.10"]
[White "Pribyl, Jaroslav"]
[Black "Vitek, Jan"]
[Result "1/2-1/2"]
[WhiteElo "1975"]
[BlackElo "1761"]
[Annotator ""]
[Source ""]
[Remark ""]

1.d4 d5 2.Nc3 Nf6 3.e4 Nxe4 4.Nxe4 dxe4 5.Bc4 e6 6.f3 Bd6 7.Be3
O-O 8.Qd2 e5 9.O-O-O Nc6 10.fxe4 exd4 11.Bxd4 Nxd4 12.Qxd4 Bf4+
13.Kb1 Qxd4 14.Rxd4 Bg4 15.Nf3 Rad8 16.Rhd1 Rxd4 17.Rxd4 Bxf3
18.gxf3 Bxh2 1/2-1/2